Question bank on agricultural and food engineering / (Record no. 15384)
[ view plain ]
| 000 -LEADER | |
|---|---|
| fixed length control field | 00424cam a2200157ua 4500 |
| 003 - CONTROL NUMBER IDENTIFIER | |
| control field | OSt |
| 008 - FIXED-LENGTH DATA ELEMENTS--GENERAL INFORMATION | |
| fixed length control field | 210920b ||||| |||| 00| 0 eng d |
| 082 ## - DEWEY DECIMAL CLASSIFICATION NUMBER | |
| Classification number | 630.1076 |
| Item number | GAR/QU |
| 100 ## - MAIN ENTRY--AUTHOR NAME | |
| Personal name | Garg, M K . |
| 245 ## - TITLE STATEMENT | |
| Title | Question bank on agricultural and food engineering / |
| 250 ## - EDITION STATEMENT | |
| Edition statement | 9 / |
| 260 ## - PUBLICATION, DISTRIBUTION, ETC. (IMPRINT) | |
| Place of publication | Newdelhi : |
| Name of publisher | Relience publishers , |
| Year of publication | 2016. |
| 300 ## - PHYSICAL DESCRIPTION | |
| Number of Pages | 236 ; . |
| 700 1# - ADDED ENTRY--PERSONAL NAME | |
| Personal name | Chandra, Pitam . |
| 942 ## - ADDED ENTRY ELEMENTS (KOHA) | |
| Koha item type | Books |
| Withdrawn status | Lost status | Damaged status | Home library | Current library | Shelving location | Date acquired | Cost, normal purchase price | Full call number | Accession Number | Koha item type | Collection code | Source of acquisition |
|---|---|---|---|---|---|---|---|---|---|---|---|---|
| KAUAET | KAUAET | Scheme | 31/03/2018 | 225.00 | 630.1076 GAR/QU | BB 487 | Book Bank scheme for SC students | |||||
| KAUAET | KAUAET | Scheme | 31/03/2018 | 225.00 | 630.1076 GAR/QU | BB 488 | Book Bank scheme for SC students | |||||
| KAUAET | KAUAET | General Stacks | 18/03/2018 | 225.00 | 630.1076 GAR/QU | 25591 | Books | Neoti book agency |
